000 00267nam a2200109Ia 4500
008 220204s9999 xx 000 0 und d
082 _a077
_bAKE
100 _aAkeret, Robert V
245 0 _aPhoto analysis
260 _aNew York
_bSimon and Schuster
_c1973
942 _cBK
999 _c32084
_d32084